000 00665nam a2200277Ia 4500
005 20260324114306.0
008 008 260324s9999 xx 000 0 eng d
020 _a9781032635699
037 _aEBOOK
040 _aCRL
040 _beng
040 _cCRL
041 _2eng
041 _aeng
084 _qCRL
100 _aHao Tianhu
_91150196
245 0 _aCommonplace Reading and Writing in Early Modern England and Beyond
260 _bTaylor and Francis
260 _c2023
365 _a
365 _b230
856 _uhttp://www.taylorfrancis.com/books/9781032635699
942 _cEBOOK
999 _c1740289
_d1740289